Every Ground Type Pokémon - Statistics

General Stats
  • This quiz has been taken 8 times
  • The average score is 72 of 77
Answer Stats
Debut Region Pokédex Number Pokémon % Correct
343 Baltoy
100%
344 Claydol
100%
104 Cubone
100%
050 Diglett
100%
232 Donphan
100%
Unova 529 Drilbur
100%
051 Dugtrio
100%
530 Excadrill
100%
444 Gabite
100%
445 Garchomp
100%
074 Geodude
100%
443 Gible
100%
207 Gligar
100%
472 Gliscor
100%
076 Golem
100%
622 Golett
100%
623 Golurk
100%
075 Graveler
100%
984 Great Tusk
100%
383 Groudon
100%
449 Hippopotas
100%
450 Hippowdon
100%
990 Iron Treads
100%
645 Landorus
100%
246 Larvitar
100%
473 Mamoswine
100%
105 Marowak
100%
Alola 749 Mudbray
100%
750 Mudsdale
100%
034 Nidoking
100%
031 Nidoqueen
100%
095 Onix
100%
770 Palossand
100%
231 Phanpy
100%
221 Piloswine
100%
247 Pupitar
100%
112 Rhydon
100%
111 Rhyhorn
100%
464 Rhyperior
100%
867 Runerigus
100%
Kanto 027 Sandshrew
100%
028 Sandslash
100%
769 Sandygast
100%
208 Steelix
100%
220 Swinub
100%
1003 Ting-Lu
100%
Sinnoh 389 Torterra
100%
Hisui 901 Ursaluna
100%
718 Zygarde
100%
339 Barboach
86%
323 Camerupt
86%
980 Clodsire
86%
Kalos 660 Diggersby
86%
330 Flygon
86%
423 Gastrodon
86%
552 Krokorok
86%
553 Krookodile
86%
Hoenn 259 Marshtomp
86%
290 Nincada
86%
322 Numel
86%
536 Palpitoad
86%
195 Quagsire
86%
844 Sandaconda
86%
551 Sandile
86%
989 Sandy Shocks
86%
537 Seismitoad
86%
Galar 843 Silicobra
86%
618 Stunfisk
86%
260 Swampert
86%
328 Trapinch
86%
329 Vibrava
86%
340 Whiscash
86%
Johto 194 Wooper
86%
413 Wormadam (Sand Cloak)
86%
562 Yamask (Galarian)
86%
Paldea 948 Toedscool
57%
949 Toedscruel
57%
No matching quizzes found
Score Distribution
Percent of People with Each Score
Percentile by Number Answered
Your Score History
You have not taken this quiz